Una mujer capaz : (Registro nro. 112197)

Detalles MARC
000 -LEADER
campo de control de longitud fija 00739nam a2200205 4500
001 - NÚMERO DE CONTROL
campo de control 112197
003 - IDENTIFICADOR DE NÚMERO DE CONTROL
campo de control ES-MaACL
005 - FECHA Y HORA DE LA ÚLTIMA TRANSACCIÓN
campo de control 20250829120100.0
007 - CAMPO FIJO DE DESCRIPCIÓN FÍSICA--INFORMACIÓN GENERAL
campo de control de longitud fija t|
008 - DATOS DE LONGITUD FIJA--INFORMACIÓN GENERAL
campo de control de longitud fija 061121s1931 sp r ||||1| spa d
100 1# - ENTRADA PRINCIPAL--NOMBRE DE PERSONA
Nombre de persona Ortega, Teófilo.
9 (RLIN) 87432
245 14 - MENCIÓN DEL TÍTULO
Título Una mujer capaz :
Resto del título Teresa de Jesús : vuelo y surco de Teresa Sánchez /
Mención de responsabilidad, etc. Teófilo Ortega.
260 ## - PUBLICACIÓN, DISTRIBUCIÓN, ETC.
Lugar de publicación, distribución, etc. Valencia :
Nombre del editor, distribuidor, etc. [Cuadernos de Cultura],
Fecha de publicación, distribución, etc. 1931 (
Fabricante Tip. P. Quiles)
300 ## - DESCRIPCIÓN FÍSICA
Extensión 45 p. ;
Dimensiones 17 cm.
490 1# - MENCIÓN DE SERIE
Mención de serie Cuadernos de cultura ;
Designación de volumen o secuencia 38. Figuras españolas ;
-- 5
600 00 - PUNTO DE ACCESO ADICIONAL DE MATERIA--NOMBRE DE PERSONA
Nombre de persona Teresa de Jesús,
Títulos y otros términos asociados al nombre Santa,
Fechas asociadas al nombre 1515-1582
9 (RLIN) 226510
830 1# - PUNTO DE ACCESO ADICIONAL DE SERIE-TÍTULO UNIFORME
Título uniforme Cuadernos de cultura
Designación de volumen o secuencia 38. Figuras españolas ;
-- 5
9 (RLIN) 181245
852 ## - LOCALIZACIÓN
Ubicación ES-MaACL
Número de control de estantería 1923-F-15
Existencias
Estatus retirado Estado de pérdida Estado de daño No para préstamo Colección Biblioteca de origen Biblioteca actual Ubicación en estantería Fecha de adquisición Fuente de adquisición Total de préstamos Signatura topográfica completa Código de barras Visto por última vez Precio de reemplazo Tipo de ítem Koha
        Colección de folletos Biblioteca del Ateneo de Madrid Biblioteca del Ateneo de Madrid Depósito folletos 17/01/2008     1923-F-15 1117038 23/02/2023 23/02/2023 Folleto